| 000 | 00364nam a22001337a 4500 | ||
|---|---|---|---|
| 008 | 230605b xxu||||| |||| 00| 0 eng d | ||
| 082 |
_a328.0601 _bIPU |
||
| 110 | _d2007 | ||
| 245 |
_aChronicle f Parliamentary Election _cInter-Parliamentary Union |
||
| 260 |
_aNew York _bInter-Parliamentary Union _c2008 |
||
| 300 | _a302 | ||
| 440 |
_v41 _x19940963 |
||
| 942 |
_2ddc _cBK |
||
| 999 |
_c369 _d369 |
||